000 00533nam a2200145Ia 4500
008 140724s9999 xx 000 0 und d
050 _aBF 637
_b.Es74 2011
100 _aEscobal, Beatriz Rafi C.
245 _aDomistic violence among battered Women :
_ba basis for post truamatic stress disorder intervention /
_cBeatriz Rafi C. Escobal.
260 _aLas PiƱas, Philippines :
_bSouthville International School and Colleges,
_cc2011.
300 _a86 p. :
_bill. ;
_c28 cm.
521 _aPsychology
942 _cTH
999 _c228898
_d228898